| 000 | 00619cam a2200157Ki 4500 | ||
|---|---|---|---|
| 082 |
_a387.5092 _bNAN |
||
| 100 | 1 |
_aNansen, Fridtjof, _949876 |
|
| 245 | 1 | 0 |
_aFridtjof Nansen's "Farthest North" _bbeing the record of a voyage of exploration of the ship Fram, 1893-96 and of a Fifteen Month's sleigh Journey / _cby Dr. Nansen and Lieut. Johansen. |
| 250 | _a1st ed | ||
| 260 |
_aLondon : _bMacmillan and Co., _c1897. |
||
| 300 | _a1 online resource (2 v.) | ||
| 526 |
_a0 _b0 _c0 _d387_509200000000000_NAN |
||
| 650 |
_aMCE _9379 |
||
| 856 | 4 | 0 | _uhttp://catalog.hathitrust.org/api/volumes/oclc/49116149.html |
| 942 |
_2ddc _cBK |
||
| 999 |
_c552697 _d552697 |
||